Library Banner

Procedures, techniques, and minimally invasive monitoring in intensive care medicine / (Record no. 129811)

MARC details
000 -LEADER
fixed length control field 00678cam a22002174a 4500
001 - CONTROL NUMBER
control field 14848757
005 - DATE AND TIME OF LATEST TRANSACTION
control field 20221216102904.0
008 - FIXED-LENGTH DATA ELEMENTS--GENERAL INFORMATION
fixed length control field 070511s2008 paua b 001 0 eng
020 ## - INTERNATIONAL STANDARD BOOK NUMBER
International Standard Book Number 9780781778626 (pbk. : alk. paper)
020 ## - INTERNATIONAL STANDARD BOOK NUMBER
International Standard Book Number 0323018408
040 ## - CATALOGING SOURCE
Transcribing agency PK-LaUMT
082 00 - DEWEY DECIMAL CLASSIFICATION NUMBER
Classification number 616.82
Edition number 22
Item number IRW-C
245 00 - TITLE STATEMENT
Title Procedures, techniques, and minimally invasive monitoring in intensive care medicine /
Statement of responsibility, etc by Scot Irwin and Jan Stephen Tecklin
250 ## - EDITION STATEMENT
Edition statement 4th ed.
260 ## - PUBLICATION, DISTRIBUTION, ETC. (IMPRINT)
Place of publication, distribution, etc Missouri :
Name of publisher, distributor, etc Mosby,
Date of publication, distribution, etc 2004
300 ## - PHYSICAL DESCRIPTION
Extent 476 p. :
Other physical details ill. ;
Dimensions 28 cm.
650 #0 - SUBJECT ADDED ENTRY--TOPICAL TERM
Topical term or geographic name as entry element Critical care medicine.
650 12 - SUBJECT ADDED ENTRY--TOPICAL TERM
Topical term or geographic name as entry element Intensive Care
General subdivision methods.
700 1# - ADDED ENTRY--PERSONAL NAME
Personal name Irwin, Richard S.
942 ## - ADDED ENTRY ELEMENTS (KOHA)
Koha item type Books
Holdings
Withdrawn status Lost status Damaged status Home library Current library Date acquired Full call number Barcode Date last seen Price effective from Koha item type
      UMT Health Sciences Campus UMT Health Sciences Campus 2022-12-16 616.82 IRW-C 144142 2026-02-17 2022-12-16 Books